[Event "Sparkassen-Open B"]
[Site "Heusenstamm, Martinsee"]
[Date "2022.11.18"]
[Round "3.56"]
[White "Schwab, Lysander"]
[Black "Moissl, Julian"]
[Result "1-0"]
[WhiteElo "1505"]
[BlackElo "1140"]
[PlyCount "51"]
[EventDate "2022.??.??"]
[WhiteTeam "SC Aschaffenburg"]
[BlackTeam "SJ Herborn 1998"]

1. c4 e5 2. Nc3 Bc5 3. g3 Nc6 4. Bg2 Nge7 5. e3 d6 6. Nge2 a6 7. O-O Ng6 8. Re1
O-O 9. a3 Bg4 10. h3 Bf5 11. d4 Bb6 12. Nd5 Rc8 13. b4 Qd7 14. g4 Be6 15. Nxb6
cxb6 16. d5 Nce7 17. dxe6 Qxe6 18. Bxb7 Rc7 19. Bd5 Nxd5 20. cxd5 Qd7 21. e4
Rfc8 22. Be3 b5 23. Qd3 Rc4 24. Rac1 R8c7 25. Rxc4 Rxc4 26. Rc1 1-0

[Event "Sparkassen-Open B"]
[Site "Heusenstamm, Martinsee"]
[Date "2022.11.18"]
[Round "3.57"]
[White "Ott, Christian"]
[Black "Köberl, Christiane"]
[Result "0-1"]
[WhiteElo "1223"]
[BlackElo "1492"]
[PlyCount "64"]
[EventDate "2022.??.??"]
[WhiteTeam "vereinslos"]
[BlackTeam "SC Sulzbach"]

1. e4 c5 2. Nc3 e6 3. Bc4 a6 4. a4 b6 5. Nf3 d6 6. d3 Bb7 7. O-O Ne7 8. Ng5 d5
9. Ba2 h6 10. Nf3 Ng6 11. Re1 d4 12. Ne2 Bd6 13. b4 Nd7 14. bxc5 bxc5 15. Ba3
O-O 16. Nexd4 Nde5 17. Rb1 Qd7 18. c3 Rab8 19. Nxe5 Nxe5 20. Nc2 Rfd8 21. d4
cxd4 22. cxd4 Bxa3 23. dxe5 Qxa4 24. Rxb7 Rxd1 25. Rxb8+ Kh7 26. Rxd1 Qxc2 27.
Ra1 Bc5 28. Rf1 Qxa2 29. Kh1 Bxf2 30. Rb7 Qe2 31. Rc1 Kg6 32. Rb4 Be1 0-1

[Event "Sparkassen-Open B"]
[Site "Heusenstamm, Martinsee"]
[Date "2022.11.18"]
[Round "3.58"]
[White "Leitzig, Reamonn"]
[Black "Hafner, Hans-Peter"]
[Result "1-0"]
[WhiteElo "1484"]
[BlackElo "1131"]
[PlyCount "61"]
[EventDate "2022.??.??"]
[WhiteTeam "SV 1934 Ffm-Griesheim"]
[BlackTeam "Sfr.Mainz 1928"]

1. e4 d6 2. d4 Nf6 3. Nc3 g6 4. Be3 Bg7 5. Qd2 Nbd7 6. Bh6 O-O 7. f3 e5 8. Nge2
c5 9. d5 Qa5 10. Nc1 Qb4 11. Nb3 c4 12. a3 Qb6 13. Bxc4 Nc5 14. Nxc5 Qxc5 15.
Bd3 Nh5 16. Be3 Qc7 17. Nb5 Qe7 18. Nxa7 f5 19. Nb5 f4 20. Bf2 g5 21. O-O-O g4
22. Qb4 gxf3 23. gxf3 Bf6 24. Rhg1+ Kh8 25. Qxd6 Qf7 26. Qc7 Qxc7 27. Nxc7 Ra5
28. Bb6 Ra4 29. Bb5 Ra6 30. Nxa6 bxa6 31. Ba4 1-0

[Event "Sparkassen-Open B"]
[Site "Heusenstamm, Martinsee"]
[Date "2022.11.18"]
[Round "3.59"]
[White "Sarbu, Carla Alexandra"]
[Black "Kluge, Joscha"]
[Result "0-1"]
[WhiteElo "1130"]
[BlackElo "1533"]
[PlyCount "94"]
[EventDate "2022.??.??"]
[WhiteTeam "SV Jedesheim 1921"]
[BlackTeam "SC Bergen-Enkheim 1922"]

1. e4 d6 2. Nf3 Nf6 3. Nc3 g6 4. d4 Bg7 5. Bg5 O-O 6. Bc4 c5 7. d5 a6 8. O-O b5
9. Bd3 c4 10. Be2 Nbd7 11. b4 cxb3 12. axb3 Nc5 13. Ra2 Ncxe4 14. Nxe4 Nxe4 15.
Bd2 Bb7 16. c4 Nxd2 17. Qxd2 bxc4 18. bxc4 Qc7 19. Qa5 Qxa5 20. Rxa5 Bc3 21.
Ra4 a5 22. Rc1 Bb4 23. Bd3 Rfc8 24. h3 Bxd5 25. Kf1 Bc6 26. Ra2 Bd7 27. Nd4 Bc5
28. Nb3 a4 29. Nxc5 Rxc5 30. Ra3 d5 31. f4 dxc4 32. Rxc4 Rxc4 33. Bxc4 Kg7 34.
Ke2 Kf6 35. g4 h6 36. Kd3 e6 37. Ke4 Ra5 38. h4 Kg7 39. g5 hxg5 40. hxg5 f6 41.
Rg3 a3 42. Ba2 Bc6+ 43. Kd4 Bd5 44. gxf6+ Kxf6 45. Rg5 Ra4+ 46. Kc3 Bxa2 47.
Rb5 Bd5 0-1

[Event "Sparkassen-Open B"]
[Site "Heusenstamm, Martinsee"]
[Date "2022.11.18"]
[Round "3.60"]
[White "Moissl, Felix"]
[Black "Bär, Christian"]
[Result "1-0"]
[WhiteElo "1129"]
[BlackElo "1525"]
[Annotator "Schloessner,Henrik"]
[PlyCount "86"]
[EventDate "2022.??.??"]
[WhiteTeam "SJ Herborn 1998"]
[BlackTeam "SC Steinbach"]

1. e4 e5 2. Nf3 Nc6 3. d4 exd4 4. Nxd4 g6 5. Nf3 Bg7 6. Bc4 Nge7 7. O-O O-O 8.
Nc3 h6 9. Bf4 d6 10. h3 Kh7 11. Qd2 f5 12. Rfe1 fxe4 13. Rxe4 Bf5 14. Re3 Qd7
15. Rae1 a5 16. Bb5 Rae8 17. Qe2 Bf6 18. Nd5 Nxd5 19. Rxe8 Nxf4 20. Qe3 Rxe8
21. Qxe8 Qxe8 22. Rxe8 Bd7 23. Ra8 b6 24. Bxc6 Bxc6 25. Rc8 Ne6 26. c3 Kg7 27.
Nd4 Bxd4 28. cxd4 Bd7 29. Ra8 Nxd4 30. Ra7 Ne6 31. Kf1 Kf6 32. Ke2 Bc6 33. g3
Ke7 34. f4 Kd7 35. Ke3 Kc8 36. g4 Kb8 37. f5 gxf5 38. gxf5 Nf8 39. f6 Kxa7 40.
Kf4 Kb8 41. Kf5 Kc8 42. f7 Bd7+ 43. Kf6 Bxh3 {1-0?? So it's written on both
scoresheets. Mobilephone? 1-0?? So steht es auf beiden Partieformularen
geschrieben. Handy?} 1-0

[Event "Sparkassen-Open B"]
[Site "Heusenstamm, Martinsee"]
[Date "2022.11.18"]
[Round "3.63"]
[White "Barth, Horst"]
[Black "Nichols, Uwe"]
[Result "1/2-1/2"]
[WhiteElo "1244"]
[BlackElo "1673"]
[PlyCount "74"]
[EventDate "2022.??.??"]
[WhiteTeam "Sfr.Mainz 1928"]
[BlackTeam "SV Oberursel"]

1. d4 d5 2. c4 e6 3. Nf3 Nf6 4. Bg5 c5 5. cxd5 exd5 6. e3 Qa5+ 7. Qd2 Qxd2+ 8.
Nbxd2 Ne4 9. Nxe4 dxe4 10. Nd2 cxd4 11. exd4 Bb4 12. a3 Bxd2+ 13. Bxd2 O-O 14.
Rc1 Nc6 15. Be3 Rd8 16. Rd1 Be6 17. Be2 Bb3 18. Rd2 Ne7 19. O-O Rac8 20. Bd1
Bc4 21. Re1 h6 22. f3 exf3 23. Bxf3 Bd5 24. Bf2 Bxf3 25. gxf3 Nd5 26. Bg3 f6
27. Rde2 Kf7 28. Kg2 Rd7 29. Kh3 Rcd8 30. Kg2 Rc8 31. h4 Rc4 32. Rd2 h5 33. Kh3
Rc8 34. Kg2 a6 35. Kf2 Rcd8 36. Rde2 Re7 37. Re4 Red7 1/2-1/2

[Event "Sparkassen-Open B"]
[Site "Heusenstamm, Martinsee"]
[Date "2022.11.18"]
[Round "3.64"]
[White "Lorenz sr., Alexander"]
[Black "Niedenthal, Robert"]
[Result "0-1"]
[WhiteElo "1236"]
[BlackElo "1644"]
[PlyCount "124"]
[EventDate "2022.??.??"]
[WhiteTeam "SV Bergwinkel"]
[BlackTeam "SV 1920 Hofheim"]

1. e4 e5 2. Nf3 Nc6 3. d4 exd4 4. Bc4 Bb4+ 5. c3 dxc3 6. bxc3 Bd6 7. Qd5 Qe7 8.
Ng5 Nh6 9. Nf3 Qe6 10. Bxh6 Qxd5 11. exd5 Na5 12. Bxg7 Rg8 13. Bf6 Nxc4 14. O-O
Rg6 15. Re1+ Kf8 16. Re4 Nb6 17. Be5 Nxd5 18. Bxd6+ Rxd6 19. c4 Nf6 20. Rd4 Re6
21. Nc3 c5 22. Rdd1 a6 23. a4 b6 24. Nd5 Nxd5 25. cxd5 Rd6 26. Ng5 h6 27. Ne4
Rg6 28. a5 d6 29. axb6 Bb7 30. f4 f5 31. Ng3 Rf6 32. Ne2 Re8 33. Kf2 Re4 34.
Rab1 Rf7 35. g3 Rfe7 36. Nc3 Rc4 37. Rd3 h5 38. h4 Kf7 39. Kf3 Rb4 40. Rxb4
cxb4 41. Na4 a5 42. Kf2 Ba6 43. Re3 Rd7 44. Ke1 Bb5 45. Nb2 a4 46. Kd2 a3 47.
Nd3 a2 48. Re1 b3 49. Nb2 Rb7 50. Kc3 Rxb6 51. Kxb3 Bc4+ 52. Ka3 Ra6+ 53. Na4
Bxd5 54. Kb4 Bc6 55. Ra1 Rxa4+ 56. Kb3 Re4 57. Kxa2 Ra4+ 58. Kb2 Rxa1 59. Kxa1
Ke6 60. Kb2 Kd5 61. Kc3 Ke4 62. Kd2 Kf3 0-1

[Event "Sparkassen-Open B"]
[Site "Heusenstamm, Martinsee"]
[Date "2022.11.18"]
[Round "3.65"]
[White "Grebe, Sabrina"]
[Black "Kuran, Rainer"]
[Result "0-1"]
[WhiteElo "1182"]
[BlackElo "1507"]
[PlyCount "78"]
[EventDate "2022.??.??"]
[WhiteTeam "SC Heusenstamm"]
[BlackTeam "Karlsruher SF"]

1. e4 c6 2. Nf3 d5 3. exd5 cxd5 4. d4 Bf5 5. Nc3 e6 6. Bf4 Bd6 7. Bb5+ Nc6 8.
Bxd6 Qxd6 9. O-O Nf6 10. a3 O-O 11. Re1 Rac8 12. h3 a6 13. Bd3 Bxd3 14. Qxd3
Qc7 15. Re3 Na5 16. b3 b5 17. Nd2 Nb7 18. Ra2 Qb6 19. g3 Rc7 20. Ndb1 Nd6 21.
f3 Nf5 22. Re2 Nxd4 23. Rf2 Rfc8 24. Kg2 Nf5 25. g4 Nh4+ 26. Kf1 Ng6 27. Qd2
Qd6 28. Ne2 e5 29. c3 Re8 30. Ng3 e4 31. Nxe4 Nxe4 32. fxe4 Rxe4 33. Re2 Rce7
34. Qc1 Qg3 35. Qd2 Qxh3+ 36. Kg1 Rxg4+ 37. Kf2 Rg2+ 38. Kf1 Rgxe2+ 39. Kg1
Qg2# 0-1

[Event "Sparkassen-Open B"]
[Site "Heusenstamm, Martinsee"]
[Date "2022.11.18"]
[Round "3.66"]
[White "Gnandt, Michael"]
[Black "Meuer, Stephan"]
[Result "1/2-1/2"]
[WhiteElo "1495"]
[BlackElo "1188"]
[PlyCount "88"]
[EventDate "2022.??.??"]
[WhiteTeam "SV Steinhausen"]
[BlackTeam "SV Lahnstein"]

1. e4 e5 2. Nf3 Nc6 3. Bc4 Bc5 4. d3 Nf6 5. Nc3 h6 6. Nd5 a6 7. a3 d6 8. c3 Be6
9. O-O Nd7 10. Ba2 Ne7 11. h3 c6 12. Nxe7 Qxe7 13. c4 O-O 14. b4 Bb6 15. Bb2
Bc7 16. d4 exd4 17. Qxd4 f6 18. Rfd1 Rad8 19. Qe3 Ne5 20. Nxe5 dxe5 21. Bb3 Bf7
22. f3 Kh8 23. Qc3 Bb6+ 24. c5 Bxb3 25. Qxb3 Bc7 26. Bc3 Rxd1+ 27. Rxd1 Rd8 28.
Kf2 Rxd1 29. Qxd1 Qd8 30. Qc2 g5 31. Ke3 Kg7 32. Qd3 Kf7 33. Qxd8 Bxd8 34. Kd3
Ke6 35. g4 Bc7 36. Kc4 Kd7 37. a4 Bd8 38. b5 Bc7 39. Be1 Bd8 40. h4 Be7 41.
hxg5 hxg5 42. bxc6+ Kxc6 43. Bb4 Bd8 44. Bc3 Be7 1/2-1/2

[Event "Sparkassen-Open B"]
[Site "Heusenstamm, Martinsee"]
[Date "2022.11.18"]
[Round "3.67"]
[White "Junkers, Günter"]
[Black "Schmidt, Moritz"]
[Result "0-1"]
[WhiteElo "1207"]
[BlackElo "1442"]
[PlyCount "108"]
[EventDate "2022.??.??"]
[WhiteTeam "SSG Rödermark/Epph."]
[BlackTeam "SVG 1920 Plettenberg"]

1. e4 c6 2. Nc3 d5 3. Nf3 e6 4. e5 Ne7 5. d4 Nf5 6. Qd3 c5 7. dxc5 Bxc5 8. Bg5
Qc7 9. Be3 Bxe3 10. fxe3 Nc6 11. Nb5 Qd7 12. Qa3 a6 13. Nd6+ Nxd6 14. Qxd6 Qxd6
15. exd6 O-O 16. Nd4 Rd8 17. Nxc6 bxc6 18. O-O-O Rxd6 19. Bd3 c5 20. Be2 Rb8
21. b3 Rdb6 22. Rhf1 a5 23. Rf4 Ba6 24. Rd2 Bxe2 25. Rxe2 Rb4 26. Rf3 a4 27.
Ref2 axb3 28. Rxf7 b2+ 29. Kb1 Ra4 30. Rf1 Re4 31. R7f3 c4 32. Re1 c3 33. Rf4
Rxf4 34. exf4 Rf8 35. g3 Kf7 36. Re3 d4 37. Re5 Rd8 38. Rc5 Kf6 39. Re5 d3 40.
Rc5 d2 41. Rxc3 d1=Q+ 42. Kxb2 Rb8+ 43. Rb3 Rxb3+ 44. axb3 Qd2 45. Kb1 Qc3 46.
g4 e5 47. fxe5+ Kxe5 48. h4 Ke4 49. g5 Ke3 50. h5 Kd2 51. h6 Qxc2+ 52. Ka1 Qc3+
53. Ka2 Kc2 54. g6 Qb2# 0-1

[Event "Sparkassen-Open B"]
[Site "Heusenstamm, Martinsee"]
[Date "2022.11.18"]
[Round "3.68"]
[White "Hellmann, Alexander"]
[Black "Niesel, Sebastian"]
[Result "0-1"]
[WhiteElo "1137"]
[BlackElo "1312"]
[PlyCount "79"]
[EventDate "2022.??.??"]
[WhiteTeam "SJ Herborn 1998"]
[BlackTeam "SV 1934 Ffm-Griesheim"]

1. e4 e5 2. Nf3 Nc6 3. Bc4 Bc5 4. c3 Nf6 5. d3 h6 6. O-O O-O 7. Nbd2 d6 8. Qc2
Be6 9. Bxe6 fxe6 10. Nb3 Bb6 11. Re1 Qe8 12. Be3 Qg6 13. Kf1 Rae8 14. Bxb6 axb6
15. Re2 Nh5 16. Re3 Rf7 17. Qe2 Nf4 18. Nh4 Qg5 19. Qf3 Qxh4 20. g3 Qh3+ 21.
Ke1 Ng2+ 22. Ke2 Rxf3 23. Rxf3 Qg4 24. Nd2 Rf8 25. Rg1 Rxf3 26. Nxf3 Nf4+ 27.
gxf4 Qxf4 28. Rg6 Qc1 29. Rxe6 Qxb2+ 30. Ke3 Qxc3 31. Re8+ Kf7 32. Rc8 Nd4 33.
Nxd4 Qxd4+ 34. Ke2 Qc5 35. h3 Kg6 36. f3 c6 37. Rc7 Qc2+ 38. Ke3 Qxa2 39. Rxb7
b5 40. Rb6 0-1

[Event "Sparkassen-Open B"]
[Site "Heusenstamm, Martinsee"]
[Date "2022.11.18"]
[Round "3.69"]
[White "Trenz, Kerstin"]
[Black "Neumeier, Marie-Theres"]
[Result "1/2-1/2"]
[WhiteElo "902"]
[BlackElo "1075"]
[PlyCount "54"]
[EventDate "2022.??.??"]
[WhiteTeam "SK Gau-Algesheim"]
[BlackTeam "TV 1899 Parsberg"]

1. e4 e6 2. d4 d5 3. e5 c5 4. c3 Nc6 5. Nf3 Bd7 6. Bd3 Qb6 7. Be2 cxd4 8. cxd4
Nge7 9. b3 Nf5 10. Bb2 Bb4+ 11. Kf1 O-O 12. a3 Be7 13. a4 Rac8 14. g4 Nh4 15.
Nbd2 Ng6 16. Bb5 Nf4 17. Bc3 a6 18. Be2 Bb4 19. Nb1 Bxc3 20. Nxc3 Nb4 21. Rc1
Rc6 22. Qd2 Nxe2 23. Nxe2 Rxc1+ 24. Qxc1 Rc8 25. Qb1 Nc6 26. Kg2 Ne7 27. h4 h6
1/2-1/2